Chandigarh and Le Corbusier: The creation of a city in India (Record no. 12701)

000 -LEADER
fixed length control field 00400 a2200157 4500
003 - CONTROL NUMBER IDENTIFIER
control field OSt
005 - DATE AND TIME OF LATEST TRANSACTION
control field 20240704130630.0
008 - FIXED-LENGTH DATA ELEMENTS--GENERAL INFORMATION
fixed length control field 240704b ||||| |||| 00| 0 eng d
020 ## - INTERNATIONAL STANDARD BOOK NUMBER
International Standard Book Number 9788494933059
082 ## - DEWEY DECIMAL CLASSIFICATION NUMBER
Classification number 724.6
Item number PAP
100 ## - MAIN ENTRY--PERSONAL NAME
Personal name Rémi Papillault
245 ## - TITLE STATEMENT
Title Chandigarh and Le Corbusier: The creation of a city in India
260 ## - PUBLICATION, DISTRIBUTION, ETC. (IMPRINT)
Place of publication, distribution, etc spain
Name of publisher, distributor, etc Altrim
Date of publication, distribution, etc 2023
300 ## - PHYSICAL DESCRIPTION
Extent 311p;
942 ## - ADDED ENTRY ELEMENTS (KOHA)
Source of classification or shelving scheme
Holdings
Withdrawn status Lost status Source of classification or shelving scheme Damaged status Koha normalized classification for sorting Not for loan Permanent location Current location Date acquired Source of acquisition Cost, normal purchase price Full call number Barcode Date last seen Cost, replacement price Price effective from Koha item type
        724_600000000000000_PAP   BMS College of Architecture, Design and Planning BMS College of Architecture, Design and Planning 2024-07-03 1 2137.50 724.6 PAP AR-UG3895 2024-07-03 2850.00 2024-07-03 B.PLAN
Copyright © 2025, The Librarian, Library and Information Centre, BMSCA D&P, Bengaluru. All Rights Reserved
web counter

Powered by Koha